Physics for scientists and engineers : (Record no. 187241)
[ view plain ]
| 000 -LEADER | |
|---|---|
| fixed length control field | 00889cam a2200253 i 4500 |
| 001 - CONTROL NUMBER | |
| control field | 017717783 |
| 003 - CONTROL NUMBER IDENTIFIER | |
| control field | Uk |
| 005 - DATE AND TIME OF LATEST TRANSACTION | |
| control field | 20221117162516.0 |
| 008 - FIXED-LENGTH DATA ELEMENTS--GENERAL INFORMATION | |
| fixed length control field | 160121s2017 maua |0|1 0|eng|d |
| 020 ## - INTERNATIONAL STANDARD BOOK NUMBER | |
| International Standard Book Number | 9781305259836 |
| Qualifying information | hardback |
| 020 ## - INTERNATIONAL STANDARD BOOK NUMBER | |
| International Standard Book Number | 1305259831 |
| Qualifying information | hardback |
| 040 ## - CATALOGING SOURCE | |
| Original cataloging agency | StDuBDS |
| Language of cataloging | eng |
| Transcribing agency | StDuBDS |
| Modifying agency | Uk |
| Description conventions | rda |
| Modifying agency | MY-SjTCS |
| 082 04 - DEWEY DECIMAL CLASSIFICATION NUMBER | |
| Classification number | 530 |
| Item number | KAT 2017 |
| 100 1# - MAIN ENTRY--PERSONAL NAME | |
| Personal name | Katz, Debora M., |
| Relator term | author. |
| 9 (RLIN) | 305537 |
| 245 10 - TITLE STATEMENT | |
| Title | Physics for scientists and engineers : |
| Remainder of title | foundations and connections with modern physics / |
| Statement of responsibility, etc. | Debora M. Katz. |
| 264 #1 - PRODUCTION, PUBLICATION, DISTRIBUTION, MANUFACTURE, AND COPYRIGHT NOTICE | |
| Place of production, publication, distribution, manufacture | Boston, MA : |
| Name of producer, publisher, distributor, manufacturer | Cengage Learning, |
| Date of production, publication, distribution, manufacture, or copyright notice | [2017] |
| 300 ## - PHYSICAL DESCRIPTION | |
| Extent | xxiv, 1455, App-15 Ans-44, I-27 pages : |
| Other physical details | illustrations (black and white, and colour) ; |
| Dimensions | 29 cm |
| 336 ## - CONTENT TYPE | |
| Content type term | text |
| Source | rdacontent |
| 337 ## - MEDIA TYPE | |
| Media type term | unmediated |
| Source | rdamedia |
| 338 ## - CARRIER TYPE | |
| Carrier type term | volume |
| Source | rdacarrier |
| 500 ## - GENERAL NOTE | |
| General note | Includes index. |
| 650 #0 - SUBJECT ADDED ENTRY--TOPICAL TERM | |
| Topical term or geographic name entry element | Physics |
| Form subdivision | Textbooks. |
| 9 (RLIN) | 19461 |
| 920 ## - Programme | |
| Programme | SOED : 331124 |
| Withdrawn status | Lost status | Source of classification or shelving scheme | Damaged status | Not for loan | Home library | Current library | Date acquired | Total Checkouts | Barcode | Date last seen | Uniform Resource Identifier | Price effective from | Koha item type | Public note |
|---|---|---|---|---|---|---|---|---|---|---|---|---|---|---|
| Dewey Decimal Classification | Taylor's Library-TU | Taylor's Library-TU | 27/08/2021 | 5000172824 | 27/08/2021 | Floor 4, Shelf 15 , Side 2, TierNo 1, BayNo 8 | 27/08/2021 | Main Collection | SOEDx,91606,03,RA |